Fundamentals of Mathematics For JEE Main and Advanced: (Record no. 188798)

MARC details
000 -LEADER
fixed length control field 00599nam a22001817a 4500
005 - DATE AND TIME OF LATEST TRANSACTION
control field 20220603150436.0
010 ## - LCCN (DPL NO)
LC control number ENG-132995
020 ## - INTERNATIONAL STANDARD BOOK NUMBER
International Standard Book Number 9789332556584
Terms of availability 800.00
035 ## - SYSTEM CONTROL NUMBER
System control number EN-116527
037 ## - SOURCE OF ACQUISITION
Source of stock number/acquisition DBAD/PUB
082 ## - DEWEY DECIMAL CLASSIFICATION NUMBER
Classification number 510
100 ## - MAIN ENTRY--PERSONAL NAME
Personal name Mishra, Sanjay
245 ## - TITLE STATEMENT
Title Fundamentals of Mathematics For JEE Main and Advanced:
Remainder of title Functions and Graphs/
Statement of responsibility, etc Sanjay Mishra
260 ## - PUBLICATION, DISTRIBUTION, ETC. (IMPRINT)
Place of publication, distribution, etc Noida
Name of publisher, distributor, etc Pearson India Education Services Pvt. ltd
Date of publication, distribution, etc 2016
270 ## - ADDRESS
Address A-8(A), 7th Floor, Knowledge Boulevard Sector 62
City Noida
Postal code 201309
300 ## - PHYSICAL DESCRIPTION
Extent vp.
Dimensions 25cm(pbk)
942 ## - ADDED ENTRY ELEMENTS (KOHA)
Source of classification or shelving scheme Dewey Decimal Classification
Item type English Books
Call number suffix MIS
Classification part 510
Holdings
Withdrawn status Lost status Not for loan Collection code Home library Current library Date acquired Source of acquisition Cost, normal purchase price Full call number Barcode Copy number Cost, replacement price Koha item type
      Non-fiction Patel Nagar Patel Nagar 03/06/2022 DBAD/PUB 800.00 510 MIS EN-116527 1 800.00 English Books

© Delhi Public Library
Hit Counter
free hit counter